000 00694nam a22002177a 4500
003 UA-OsUOA
001 93475
007 ta
008 20130121b un ||||| |||| 00| 0 ukr d
090 _a821.111 (73)
_bВ40
942 _cBK
040 _aUA-OsUOA
_brus
_cUA-OsUOA
_dUA-OsUOA
245 _aВзгляд в историвзгляд в будущее
_bрусские и советские писатели, ученые, деятели культури о США
300 _a720 с.
955 _a3
041 _arus
080 _a821.111 (73)
260 _aМ.
_bПрогрес
_c1987
650 7 _a82 Література. Літературознавство
_2UDC
999 _c379710
_d379710